| 000 | 00644nam a2200193 i 4500 | ||
|---|---|---|---|
| 001 | 72506 | ||
| 003 | ES-MaACL | ||
| 007 | t| | ||
| 008 | 040901s1980 sp ||||1| spa d | ||
| 100 | 1 |
_aGigon, Olof. _956711 |
|
| 245 | 1 | 4 |
_aLos orígenes de la filosofía griega _b: De Hesíodo a Parménides / _cOlof Gigon ; version de Manuel Carrión Gútiez. |
| 260 |
_a[Madrid] : _bGredos, _c[1980] |
||
| 300 |
_a330 p. ; _c19 cm. |
||
| 490 | 1 | _aBiblioteca hispánica de filosofía | |
| 700 | 1 |
_aCarrión Gútiez, Manuel. _935810 |
|
| 830 | 0 |
_aBiblioteca hispánica de filosofía _9181000 |
|
| 852 |
_aES-MaACL _jL-613 _bR.101076 |
||
| 999 |
_c72506 _d72506 |
||